000 01148nji a22002777a 4500
005 20100907135724.0
006 a|||||r|||||00| 0
007 sd ammalaaahaa
008 100830t xxu||||| |||| 00| 0 eng d
028 _aN 88329
_bHis Master's Voice
035 _aGR-00978
040 _aSED
_cSED
100 _917455
_aDey, Manna
245 _aTakhdeer meri mere samne hai - geet /
_cby Manna Dey ; lyrics by Madhukar Rajasthani
_h[sound recording] :
246 _aतख्दीर मेरी मेरे सामने है - गीत / मन्ना डे द्वारा
260 _aDum Dum, India
_bHis Master's Voice
300 _a1 sound disc [Gramophone Recording]:
_banalog, 33 1/3 rpm
_c9.5 in. (MP)
_fGramophone Record
500 _aBrief Record
505 _aSide-2 नथलिसे टुटा मोती रे (Nathlise tuta moti re -geet) (Manna Day)
650 _aClassical music
_zIndia
_91186
_xExcerpts
700 _917416
_aMaudhukar Rajasthani
700 _917456
700 _918703
942 _2ddc
_cGR
999 _c44259
_d44259